00854nac a22002171u 4500008004100000020001600041020001800057082002000075100004100095245007000136250001200206260005500218300003400273490004800307504005100355650003700406700002800443942002300471999001300494952012900507100914t2000 xxu|||||r|||| 001 0 eng d a0130161241  a9780130161246 a629.83bPHI222 aPhillips, Charles L. 919098 aFeedback Control Systems /cCharles L. Phillips, Royce D. Harbor. a4th ed. aUpper Saddle River, N.J. :bPrentice-Hall,cc2000. axiii, 658 p. :bill. ;c24cm.0 aPrentice Hall international editions919099 aIncludes bibliographical references and index. aFeedback control systems.919100 aHarbor, Royce D.919101 cBBk629.83PHI2ddc c999d999 00102ddc40708 aMAINbMAINc1STd2016-08-06epurchaseg225.00l0o629.83 PHIp000003509r2025-07-15 00:00:00v281.25yBB